| 000 | 00414nam a2200133Ia 4500 | ||
|---|---|---|---|
| 008 | 240719s9999 xx 000 0 und d | ||
| 041 | _aeng | ||
| 082 | _a338.5024 KUM | ||
| 100 | _aKumar Shiva S. N. V. | ||
| 245 | _aMacroeconomics And Policy For Managers An Indian Perspective | ||
| 260 |
_aNew Delhi _bCengage Learning _c2019 |
||
| 300 | _a293.; P. 24 Cm | ||
| 520 | _aGifted By : IMT Faculty Prof. Sayan Banerjee | ||
| 999 |
_c41248 _d41248 |
||